| 000 | 00407nam a2200181Ia 4500 | ||
|---|---|---|---|
| 005 | 20240823015637.0 | ||
| 008 | 240823s9999||||xx |||||||||||||| ||und|| | ||
| 041 | _aTAMIL | ||
| 082 | _A808.83 P2 | ||
| 100 | _aKanchana Thamodaran | ||
| 245 | 0 | _aIkkaraiyil | |
| 250 | _a1st | ||
| 260 |
_c2002 _b"Kavitha Publication,Ch" |
||
| 500 | _aYES | ||
| 650 |
_aNovel _bGeneral |
||
| 942 | _cBK | ||
| 999 |
_c172905 _d172905 |
||